Inovatívne spôsoby financovania nových produktov pri ich uplatňovaní na trhu diplomová práca

Salvato in:
Dettagli Bibliografici
Autore principale: Mužík, Michal
Ente Autore: Obchodná fakulta EU. Katedra tovaroznalectva a kvality tovaru
Altri autori: Donovalová, Alena, 1986-
Natura: Libro
Lingua:slovacco
Pubblicazione: Bratislava 2017
Tags: Aggiungi Tag
Nessun Tag, puoi essere il primo ad aggiungerne!!

MARC

LEADER 00000nbm a2200000 4500
001 0230694
005 20171005104032.5
041 0 |a slo 
044 |a SK 
245 1 0 |a Inovatívne spôsoby financovania nových produktov pri ich uplatňovaní na trhu  |b diplomová práca  |c Michal Mužík ; školiteľ: Alena Donovalová 
264 1 |a Bratislava  |c 2017 
300 |a 87 s. 
100 1 |a Mužík, Michal 
700 1 |a Donovalová, Alena, 1986- 
710 2 |a Obchodná fakulta EU. Katedra tovaroznalectva a kvality tovaru